Разработка, внедрение, совершенствование технологии и организации работ при проведении горизонтальных горноразведочных выработок. I. Методика проектирования скоростных проходок горных выработок и методика выбора оптимальных решений по технологии и организации работ: отчет о НИР (заключительный); Т. II; Тема: х/д 2-109/75

Bibliografske podrobnosti
Korporativna značnica: Томский политехнический институт (ТПИ)
Drugi avtorji: Лукьянов В. Г. Виктор Григорьевич (руководитель), Громов А. Д. Александр Дмитриевич (исполнитель)
Jezik:ruščina
Izdano: Томск, ТПИ, 1980
TOC:Тема: х/д 2-109/75;
Teme:
Format: MixedMaterials Knjiga
KOHA link:https://koha.lib.tpu.ru/cgi-bin/koha/opac-detail.pl?biblionumber=145542

MARC

LEADER 00000nbm0a2200000 4500
001 145542
005 20231031144120.0
029 0 0 |a SU  |b 76086278  |f ТПУ 
035 |a (RuTPU)RU\TPU\book\157748 
090 |a 145542 
100 |a 20081018d1980 k y0rusy50 ca 
101 0 |a rus 
102 |a RU 
105 |a a p 001zy 
200 1 |a Разработка, внедрение, совершенствование технологии и организации работ при проведении горизонтальных горноразведочных выработок. I. Методика проектирования скоростных проходок горных выработок и методика выбора оптимальных решений по технологии и организации работ  |e отчет о НИР (заключительный)  |h Т. II  |f Томский политехнический институт (ТПИ) ; рук. В. Г. Лукьянов ; исполн. А. Д. Громов 
210 |a Томск  |c ТПИ  |d 1980 
215 |a 218 л.  |c ил. 
320 |a Библиогр.: с.198-204 (80 назв.). 
464 |t Тема: х/д 2-109/75 
610 1 |a горноразведочные выработки 
610 1 |a проведение 
610 1 |a проходческие циклы 
610 1 |a математические модели 
610 1 |a экономико-математические модели 
610 1 |a технология 
610 1 |a организация 
610 1 |a оптимальные параметры 
610 1 |a отчеты о НИР 
610 1 |a труды учёных ТПУ 
675 |a 622.14(04)  |v 3 
675 |a 622.251(04)  |v 3 
702 1 |a Лукьянов  |b В. Г.  |c горный инженер  |c профессор Томского политехнического университета, доктор технических наук  |f 1930-  |g Виктор Григорьевич  |2 stltpush  |3 (RuTPU)RU\TPU\pers\12910  |4 673 
702 1 |a Громов  |b А. Д.  |g Александр Дмитриевич  |4 677 
712 0 2 |a Томский политехнический институт (ТПИ)  |c (1944-1991)  |2 stltpush  |3 (RuTPU)RU\TPU\col\1123 
801 1 |a RU  |b 63413507  |c 20081018  |g PSBO 
801 2 |a RU  |b 63413507  |c 20130516  |g PSBO 
942 |c BK